000 00662nam a2200217 a 4500
005 20240919064404.0
008 991125 1992 mad 000 0 spa u
020 _a8420627135
035 _aUPN01000054407
049 _aCG
050 4 _aHD6535
_bO4.88
100 1 _aOffe, Claus
245 1 3 _aLa sociedad del trabajo problemas estructurales y perspectivas de futuro /
_cClaus Offe ; tr. Jaime Nicolás.
260 _aMadrid :
_bAlianza,
_c1992.
300 _a431 p.
440 0 _aAlianza universidad ;
_v713
650 4 _aTRABAJO Y TRABAJADORES -
_xASPECTOS SOCIALES
650 4 _aEconomía
_xHistoria
_916774
650 2 _aSociedad
_924193
905 _aLibro
999 _c54407
_d54407